| 000 | 00563nam a2200193zi 4500 | ||
|---|---|---|---|
| 999 |
_c23502 _d51500 |
||
| 005 | 20171206075113.0 | ||
| 020 | _a978-9961-792-49-0 | ||
| 037 |
_aBC_1409 93 _faut |
||
| 040 |
_aBC-ENSA _bfre |
||
| 041 | _afre | ||
| 110 | _aOffice national des statistiques | ||
| 245 |
_aAnnuaire statistique de l'Algérie _brésultats 2004-2006 |
||
| 246 | _aStatistical yearbook of Algeria | ||
| 260 |
_aAlger _bONS _c2008 |
||
| 300 |
_a424 p. _btabl. _c30 cm |
||
| 562 | _e01 exemplaire | ||
| 942 | _c09 | ||
| 653 | _aSTATISTIQUE DEMOGRAPHIQUE/DONNEE STATISTIQUE/ALGERIE | ||